000 00792nam a2200253Ia 4500
003 OSt
005 20220918171651.0
006 a|||||r|||| 00| 0
007 ta
008 220917b |||||||| |||| 00| 0 eng d
020 _a9788126138050 (hbk)
_c7500
024 _a282,164
037 _b7344, 24/11/2014, Efficient Book Distributors
_cTextual
040 _aARTS
_cARTS
_beng
041 _2eng
_aeng
082 _aV2y7M75k, P9.1-.3
100 _aSingh Ram Ayodhya
_938142
245 0 _aEncyclopaedia of Sardar Patel
260 _aDelhi
_bAnmol Publication India
_c2009
300 _aviii,264p.
_ccm.
650 _aHISTORY
942 _hV2y7M75k, P9.1-.3
_cTEXL
_2CC
999 _c140804
_d140804